00649nam a2200241Ia 450000500170000000800460001702000180006303700100008104000080009104000080009904000080010704100080011504100080012308400080013124500410013926000100018026000090019065000290019985600570022894200100028599900210029595200910031620260330155106.0008 300114s9999 xx 000 0 eng d a9789390466542 aEBOOK aCRL beng cCRL 2eng aeng qCRL 0aFundamentals of Queueing Theory, 4ed bWiley c2020 aMathematics & Statistics uhttps://ebooks.wileyindia.com/product-details/284230 cEBOOK c1843831d1843831 00104070aCRLbCRLd2026-03-30l0pCL2135629r2026-03-30 15:51:06w2026-03-30yEBOOK